000 00633nam a2200193 i 4500
001 98480
003 ES-MaACL
005 20231129145829.0
007 t|
008 050915s1972 sp ||||1| spa d
080 _a821.134.2 Jiménez, Juan Ramón 1.06
100 1 _aFont, María Teresa.
_951546
245 1 0 _aEspacio
_b: autobiografía lírica de Juan Ramón Jiménez /
_cMaría Teresa Font (seud.).
260 _aMadrid :
_bInsula,
_c1972.
300 _a221 p. ;
_c23 cm.
600 1 4 _aJiménez, Juan Ramón,
_d1881-1958-
_xCrítica e interpretación
_966422
852 _aES-MaACL
_jC-49727
_bR.84977
999 _c98480
_d98480